000 00425nam a2200181Ia 4500
008 230524s9999 xx 000 0 und d
020 _a8181472063
082 _a4.6
_bPET
100 _aLarry L.Peterson
245 0 _aComputer Networks
250 _a3RD
260 _aNEW DELHI
_bElsevier
_c2004
300 _aXVII;815
500 _aQuantity Number: 12
650 _aComp-Sc
700 _a Bruce S.Davie
942 _cBK
999 _c28124
_d28124